Szczegóły MARC21

Rynek pracy a rozwój małych i średnich przedsiębiorstw w województwie małopolskim /

003 -Nazwa inst., której nr kontr. jest w polu 001 [,]
    • @
    • Nazwa instytucji, której n kontrolny jest w polu 001
    • NUKAT
005 -DATA I CZAS OSTATNIEJ MODYFIKACJI [,]
    • @
    • pole kontrolne
    • 20241231104102.0
020 -Międzynarod. znormalizowany nr książki - ISBN [ , ]
    • a
    • Numer ISBN
    • 8372522480 Find
040 -Instytucja sporządzająca opis [ , ]
    • a
    • Instytucja, która sporządziła opis (NP)
    • KR 7/MN
    • c
    • Instytucja, która sporządziła rekord (NP)
    • KR 7/MN
    • d
    • Instytucja, która zmodyfikowała rekord (P)
    • KR 7/EG
    • d
    • Instytucja, która zmodyfikowała rekord (P)
    • KR 7/CPs
942 -Rodzaj dokumentu [ , ]
    • c
    • Rodzaj dokumentu
    • Książka
245 -Strefa tytułu i oznaczenia odpowiedzialności [0,0]
    • a
    • Tytuł
    • Rynek pracy a rozwój małych i średnich przedsiębiorstw w województwie małopolskim / Find
    • c
    • Pozostałe elementy strefy tytułu i oznaczenia odpowiedzialności (NP)
    • pod red. Anny Nehring ; [aut. Konrad Kolegowicz et. al.].
260 -Strefa adresu wydawniczego [ , ]
    • a
    • Miejsce wydania (P)
    • Kraków :
    • b
    • Nazwa wydawcy (P)
    • Wydaw. AE,
    • c
    • Data wydania (P)
    • 2004.
300 -Strefa opisu fizycznego [ , ]
    • a
    • Określenie formy książki i/lub objętość (NP)
    • 110, [1] s. :
    • b
    • Oznaczenie ilustracji (NP)
    • wykr. ;
    • c
    • Format (NP)
    • 24 cm.
336 -Typ zawartości [ , ]
    • a
    • Termin opisujący typ zawartości
    • Tekst
    • b
    • Kod określający zawartość
    • txt
    • 2
    • Źródło (terminu i kodu)
    • rdacontent
337 -Typ mediów [ , ]
    • a
    • Tryb odtwarzania
    • Bez urządzenia pośredniczącego
    • b
    • Kod typu mediów
    • n
    • 2
    • Źródło (terminu i kodu)
    • rdamedia
338 -Typ/rodzaj nośnika [ , ]
    • a
    • Hasło opisujące typ nośnika
    • Wolumin
    • b
    • Kod typu nośnika
    • nc
    • 2
    • Źródło (terminu i kodu)
    • rdacarrier
504 -Uwaga dot. bibliogr. załącznikowej [ , ]
    • a
    • Uwaga dot. bibliografii załącznikowej
    • Bibliogr. s. [106]-108.
536 -Uwaga dot. finansowania książki [ , ]
    • a
    • Tekst uwagi
    • Wydanie dofinansowane przez Ministerstwo Nauki i Informatyzacji z dotacji na badania statutowe Akademii Ekonomicznej w Krakowie
080 -Uniwersalna Klasyfikacja Dziesiętna [ , ]
    • 2
    • Identyfikator wydania tablic
    • UDC-P058
    • 9
    • UKD
    • 5610
    • a
    • Symbol klasyfikacji
    • 658.114-022.51
    • b
    • Dopowiedzenie
    • Małe przedsiębiorstwo prywatne. Mały biznes.
    • 4
    • UKD2
    • 7642
    • x
    • Poddział wspólny
    • (438)
    • c
    • Dopowiedzenie poddz. wspólnego
    • (Polska).
    • 4
    • UKD2
    • 7992
    • x
    • Poddział wspólny
    • "1989/..."
    • c
    • Dopowiedzenie poddz. wspólnego
    • Od 1989.
080 -Uniwersalna Klasyfikacja Dziesiętna [ , ]
    • 2
    • Identyfikator wydania tablic
    • UDC-P058
    • 9
    • UKD
    • 5611
    • b
    • Dopowiedzenie
    • Średnie przedsiębiorstwo prywatne.
    • 4
    • UKD2
    • 7642
    • x
    • Poddział wspólny
    • (438)
    • c
    • Dopowiedzenie poddz. wspólnego
    • (Polska).
    • 4
    • UKD2
    • 7992
    • x
    • Poddział wspólny
    • "1989/..."
    • c
    • Dopowiedzenie poddz. wspólnego
    • Od 1989.
080 -Uniwersalna Klasyfikacja Dziesiętna [ , ]
    • 2
    • Identyfikator wydania tablic
    • UDC-P058
    • 9
    • UKD
    • 3052
    • a
    • Symbol klasyfikacji
    • 331.5
    • b
    • Dopowiedzenie
    • Rynek pracy. Zatrudnienie. Pełne zatrudnienie. Brak sił roboczych. Ruchliwość sił roboczych. Obcokrajowe siły robocze. Zatrudnienie cudzoziemców. Gastarbeiterzy. Praca za granicą. Rehabilitacja zawodowa.
    • 4
    • UKD2
    • 7642
    • x
    • Poddział wspólny
    • (438)
    • c
    • Dopowiedzenie poddz. wspólnego
    • (Polska).
    • 4
    • UKD2
    • 7992
    • x
    • Poddział wspólny
    • "1989/..."
    • c
    • Dopowiedzenie poddz. wspólnego
    • Od 1989.
650 -Hasło przedmiotowe [ ,7]
    • a
    • Hasło przedmiotowe
    • Rynek pracy
    • z
    • Określnik geograficzny
    • Polska
    • z
    • Określnik geograficzny
    • Małopolskie, Województwo (1999- ).
    • 2
    • Źródło terminu
    • kaba
    • 9
    • KHW
    • 377073
650 -Hasło przedmiotowe [ ,7]
    • a
    • Hasło przedmiotowe
    • Małe i średnie przedsiębiorstwa
    • z
    • Określnik geograficzny
    • Polska
    • z
    • Określnik geograficzny
    • Małopolskie, Województwo (1999- )
    • x
    • Określnik rzeczowy
    • zarządzanie.
    • 2
    • Źródło terminu
    • kaba
    • 9
    • KHW
    • 377074
980 -Symbol UKD [ , ]
    • a
    • UKD
    • 658.114-022.51+ 658.114-022.55:331.5](438)"1989/..."
700 -Hasło dodatkowe - nazwa osobowa [1, ]
    • a
    • Nazwa osobowa (NP)
    • Nehring, Anna. Find
    • e
    • Określenie rodzaju współpracy
    • Red.
    • 9
    • KHW
    • 64060
700 -Hasło dodatkowe - nazwa osobowa [1, ]
    • a
    • Nazwa osobowa (NP)
    • Kolegowicz, Konrad. Find
    • 9
    • KHW
    • 83229
710 -Hasło dodatkowe - nazwa ciała zbiorowego [2, ]
    • a
    • Nazwa ciała zbiorowego lub nazwa geograficzna jako pierwszy element (NP)
    • Akademia Ekonomiczna (Kraków).
    • b
    • Nazwa jednostki podrzędnej (P)
    • Wydawnictwo Uczelniane.
    • 4
    • Kod relacji
    • pbl
    • 9
    • KHW
    • 75775
710 -Hasło dodatkowe - nazwa ciała zbiorowego [2, ]
    • a
    • Nazwa ciała zbiorowego lub nazwa geograficzna jako pierwszy element (NP)
    • Akademia Ekonomiczna (Kraków).
    • b
    • Nazwa jednostki podrzędnej (P)
    • Wydawnictwo.
    • 4
    • Kod relacji
    • pbl
    • 9
    • KHW
    • 76906
920 -ISBN [ , ]
    • a
    • ISBN
    • 83-7252-248-0 Find
Data inwentaryzacji Lokalizacja Sygnatura Numer inwentarzowy Status udost.
2014-11-25TT.18485T.18485-2